Discours Pascal Dupraz / Angers - TFC - Statistiques

Statistiques générales
  • Ce quiz a été pris 106 fois
    96 depuis la dernière actualisation
  • Le résultat moyen est 187 sur 483
Statistiques - réponses
Réponse % Correct
à
91%
a
91%
A
91%
m'
83%
c'
80%
C'
80%
l'
79%
d'
76%
D'
76%
vous
74%
Vous
74%
le
73%
Le
73%
je
70%
Je
70%
de
66%
De
66%
est
60%
pas
60%
aime
57%
il
57%
la
57%
57%
qu'
56%
ce
54%
Ce
54%
et
54%
Et
54%
les
53%
Les
53%
hier
50%
on
46%
On
46%
en
44%
un
44%
Au
43%
au
43%
se
43%
demain
41%
me
41%
maintenant
40%
Maintenant
40%
que
40%
Que
40%
ils
36%
Ils
36%
va
36%
y
36%
une
34%
était
33%
Moi
33%
ou
33%
Pour
31%
pour
31%
des
30%
faire
30%
maintenir
30%
nous
30%
ces
29%
Qui
29%
qui
29%
supporters
29%
allez
27%
Allez
27%
dis
27%
eux
27%
faut
27%
ça
26%
peu
26%
son
26%
suis
26%
bien
24%
âme
23%
couvert
23%
dressé
23%
match
23%
ont
23%
plus
23%
gens
21%
si
21%
beau
20%
dire
20%
fait
20%
montré
20%
regarde
20%
sont
20%
sûr
20%
tous
20%
vais
20%
aiment
19%
aimer
19%
autre
19%
c'est
19%
châtie
19%
châtié
19%
con
19%
manger
19%
Parce
19%
parce
19%
passe
19%
supplément
19%
attendent
17%
attendent !
17%
autres
17%
Avec
17%
avec
17%
bon
17%
club
17%
dans
17%
devant
17%
disent
17%
êtes
17%
fous
17%
Ligue 1
17%
mais
17%
oreilles
17%
Ouvrez
17%
seul
17%
vie
17%
avez
16%
coachs
16%
deux
16%
méritez
16%
mois
16%
soir
16%
torcher
16%
vos
16%
votre
16%
Y'a
16%
yeux
16%
avoir
14%
cette
14%
compte
14%
faites
14%
important
14%
juste
14%
Juste
14%
lit
14%
moment
14%
pudeur
14%
rendu
14%
sais
14%
sport
14%
vestiaires
14%
voir
14%
capacité
13%
demi
13%
dernier
13%
entre
13%
jamais
13%
matin
13%
personne
13%
rester
13%
réussir
13%
savoir
13%
téléphone
13%
tête
13%
ailleurs
11%
avant
11%
aveu
11%
certains
11%
comprenez ?
11%
Encore
11%
faiblesse
11%
foutre
11%
héros
11%
images
11%
leurs
11%
magnifique
11%
mi-temps
11%
passer
11%
poil
11%
quand
11%
qu'on
11%
rappelle
11%
seront
11%
sort
11%
accomplissez
10%
après
10%
bras !
10%
convaincu
10%
corporation
10%
dignes
10%
fois
10%
jeunes
10%
l'un
10%
osent
10%
partir
10%
physique
10%
quoi ?
10%
rentrerez
10%
représentants
10%
retrouver
10%
salle
10%
serrer
10%
soyez
10%
technique
10%
trop
10%
vacances
10%
voit
10%
vu
10%
allumer
9%
besoin
9%
chose
9%
d'entre
9%
devra
9%
ensemble
9%
entreprise
9%
laissé
9%
montrent
9%
problème
9%
qu'il
9%
serez
9%
tant
9%
conviction
7%
humaines
7%
intellectuelle
7%
issue
7%
parce que
7%
qualités
7%
animés
6%
d'accord
6%
Depuis
6%
gigantesque
6%
incontestable
6%
quelques
6%
rencontre
6%
temps
6%
saura
4%
souligner
4%
Aucun quiz correspondant
Distribution des résultats
% des personnes avec chaque résultat
Percentile par nombre de réponses
Votre historique - résultats
Vous n’avez pas pris ce quiz depuis la dernière actualisation